Introduction to operating systems / (Record no. 3674)

MARC details
000 -LEADER
fixed length control field 00686nam a22002172 4500
001 - CONTROL NUMBER
control field 0000013138
005 - DATE AND TIME OF LATEST TRANSACTION
control field 20151217145900.0
008 - FIXED-LENGTH DATA ELEMENTS--GENERAL INFORMATION
fixed length control field 090611s xx 000 0 eng d
020 ## - INTERNATIONAL STANDARD BOOK NUMBER
International Standard Book Number 0595314309 :
040 ## - CATALOGING SOURCE
Original cataloging agency KABU
Transcribing agency KABU
100 1# - MAIN ENTRY--PERSONAL NAME
Personal name Johnson, Philip Avery.
-- 0000170271
245 10 - TITLE STATEMENT
Title Introduction to operating systems /
Statement of responsibility, etc. Philip Avery Johnson.
250 ## - EDITION STATEMENT
Edition statement 1st ed.
260 ## - PUBLICATION, DISTRIBUTION, ETC. (IMPRINT)
Place of publication, distribution, etc. New York :
Name of publisher, distributor, etc. iUniverse,
Date of publication, distribution, etc. 2004.
300 ## - PHYSICAL DESCRIPTION
Extent x, 93 p.
650 #0 - SUBJECT ADDED ENTRY--TOPICAL TERM
Topical term or geographic name as entry element Operating systems (Computers)
-- 0000146540
852 1# - LOCATION
-- p1950 KES
852 1# - LOCATION
-- p2551 KES
908 ## - PUT COMMAND PARAMETER (RLIN)
Put command parameter 090611
950 ## - LOCAL HOLDINGS (RLIN)
-- 1
Holdings
Withdrawn status Lost status Source of classification or shelving scheme Not for loan Home library Current library Date acquired Total Checkouts Full call number Barcode Date last seen Price effective from Koha item type Date last checked out Cost, normal purchase price
    Library of Congress Classification   Kabarak, Main Campus Kabarak, Main Campus 17/12/2015   QA76.76 .O63J64 2004 c. 1 17783 17/12/2015 17/12/2015 General Collection    
    Library of Congress Classification   Kabarak, Main Campus Kabarak, Main Campus 17/12/2015 4 QA76.76 .O63J64 2004 c. 2 18182 12/03/2020 17/12/2015 General Collection 03/03/2020  
    Library of Congress Classification   Kabarak, Main Campus Kabarak, Main Campus 17/12/2015 7 QA76.76 .O63J64 2004 c. 3 029957 22/06/2023 17/12/2015 General Collection 06/06/2023 2171.00
    Library of Congress Classification   Kabarak, Main Campus Kabarak, Main Campus 17/12/2015 1 QA76.76 .O63J64 2004 c. 4 33849 18/07/2022 17/12/2015 General Collection 23/06/2022 2171.00
    Library of Congress Classification   Kabarak, Nakuru City Campus Kabarak, Nakuru City Campus 17/12/2015   QA76.76 .O63J64 2004 c. 1 029959 11/11/2020 17/12/2015 General Collection   2171.00
Designed with assistance from East African Informatics Ltd